[Event "SVK-ch Amateurs"]
[Site "Liptovsky Jan"]
[Date "2023.06.18"]
[Round "8"]
[White "Malcek, Patrick Dominic"]
[Black "Szaszak, Lukas"]
[Result "1/2-1/2"]
[WhiteElo "1415"]
[BlackElo "1538"]
[PlyCount "58"]
[EventDate "2023.06.15"]
[EventType "swiss"]
[EventRounds "8"]
[EventCountry "SVK"]
[SourceTitle "CBM 214 Extra"]
[Source "ChessBase"]
[SourceDate "2023.07.31"]
[SourceVersion "1"]
[SourceVersionDate "2023.07.31"]
[SourceQuality "1"]

1. d4 d5 2. Bf4 Nf6 3. e3 c6 4. c3 Bf5 5. Bd3 Bg6 6. Qc2 e6 7. Nf3 Bd6 8. Bg3 Bxg3 9. hxg3 Bxd3 10. Qxd3 Qb6 11. Qc2 Nbd7 12. Nbd2 h6 13. c4 0-0 14. Ne5 Nxe5 15. dxe5 Nd7 16. Nf3 Qb4+ 17. Kd1 Qxc4 18. Qxc4 dxc4 19. Kc2 b5 20. Rhd1 Rfd8 21. Rd6 Rac8 22. Rad1 Rc7 23. Nd4 Rdc8 24. Nxe6 fxe6 25. Rxd7 a5 26. R1d6 Rxd7 27. Rxd7 Kf8 28. e4 h5 29. f4 a4 1/2-1/2

[Event "SVK-ch Amateurs"]
[Site "Liptovsky Jan"]
[Date "2023.06.16"]
[Round "3"]
[White "Szaszak, Lukas"]
[Black "Hasala, Richard"]
[Result "1-0"]
[WhiteElo "1538"]
[BlackElo "1832"]
[PlyCount "95"]
[EventDate "2023.06.15"]
[EventType "swiss"]
[EventRounds "8"]
[EventCountry "SVK"]
[SourceTitle "CBM 214 Extra"]
[Source "ChessBase"]
[SourceDate "2023.07.31"]
[SourceVersion "1"]
[SourceVersionDate "2023.07.31"]
[SourceQuality "1"]

1. d4 Nf6 2. Nf3 g6 3. Bf4 Bg7 4. e3 0-0 5. c4 d6 6. Nc3 Nbd7 7. Bg3 b6 8. h3 Bb7 9. Bd3 e5 10. d5 Nc5 11. Bh4 Qd7 12. Bxf6 Bxf6 13. 0-0 Qe7 14. Qc2 Rae8 15. e4 Bg7 16. Rae1 Nxd3 17. Qxd3 f5 18. b3 f4 19. a4 g5 20. Nh2 h5 21. f3 Bc8 22. b4 Rf6 23. Rf2 Rg6 24. Qe2 Bf6 25. Rc1 Qg7 26. Rc2 g4 27. fxg4 hxg4 28. hxg4 Bxg4 29. Nxg4 Rxg4 30. a5 Bh4 31. Rf1 Bg3 32. Rd1 Rh4 33. Qf3 bxa5 34. bxa5 Rb8 35. Ne2 Rg4 36. Rcc1 Rg5 37. Rb1 Qf8 38. Nc3 Bh4 39. Rxb8 Qxb8 40. Rb1 Qe8 41. Ne2 Qa4 42. Qh3 Bg3 43. Qc8+ Kh7 44. Qxc7+ Rg7 45. Qc8 Rd7 46. Nc3 Bf2+ 47. Kf1 Qc2 48. Qxd7+ 1-0

[Event "SVK-chT2D 2223"]
[Site "Slovakia"]
[Date "2022.11.12"]
[Round "3.8"]
[White "Szaszak, Lukas"]
[Black "Verbovsky, Jozef"]
[Result "1-0"]
[WhiteElo "1513"]
[BlackElo "1395"]
[PlyCount "51"]
[EventDate "2022.10.08"]
[EventType "team-tourn"]
[EventRounds "11"]
[EventCountry "SVK"]
[SourceTitle "EXT 2024"]
[Source "ChessBase"]
[SourceDate "2023.10.10"]
[SourceVersion "1"]
[SourceVersionDate "2023.10.10"]
[SourceQuality "1"]
[WhiteTeam "Moldava nad Bodvou"]
[BlackTeam "Sabinov"]
[WhiteTeamCountry "SVK"]
[BlackTeamCountry "SVK"]

1. d4 f5 2. Bf4 Nf6 3. Nf3 e6 4. e3 Be7 5. Bd3 0-0 6. c3 d6 7. Qb3 b6 8. Bxf5 d5 9. Bd3 Bd7 10. h3 Bc6 11. Qc2 Nbd7 12. Nbd2 Rc8 13. Ng5 Qe8 14. Nxe6 Rf7 15. Ng5 Nf8 16. Nxf7 Qxf7 17. Ba6 Rd8 18. Bxc7 Rd7 19. Bf4 Ng6 20. Bg3 Bd6 21. Bxd6 Rxd6 22. Nf3 h6 23. Ne5 Qe8 24. Qxg6 Qe7 25. Qf5 Be8 26. Bd3 1-0

[Event "SVK-ch Blitz"]
[Site "Nitra"]
[Date "2022.10.29"]
[Round "4"]
[White "Skreno, Vladimir"]
[Black "Szaszak, Lukas"]
[Result "0-1"]
[WhiteElo "2000"]
[BlackElo "1530"]
[PlyCount "100"]
[EventDate "2022.10.29"]
[EventType "swiss"]
[EventRounds "13"]
[EventCountry "SVK"]
[SourceTitle "EXT 2024"]
[Source "ChessBase"]
[SourceDate "2023.10.10"]
[SourceVersion "1"]
[SourceVersionDate "2023.10.10"]
[SourceQuality "1"]

1. d4 d5 2. Nf3 Nf6 3. c4 c6 4. cxd5 cxd5 5. Nc3 Bf5 6. Bf4 Nc6 7. e3 Qb6 8. b3 e6 9. a3 a6 10. Be2 Rc8 11. Na4 Qa5+ 12. Qd2 Qxd2+ 13. Nxd2 Nd7 14. 0-0 b5 15. Nb2 Nb6 16. Rac1 Be7 17. b4 0-0 18. Nb3 h6 19. Nc5 Bxc5 20. bxc5 Nc4 21. Nxc4 bxc4 22. Bd1 Bd3 23. Re1 f6 24. Bd6 Rfd8 25. Bc2 Bxc2 26. Rxc2 Na5 27. Rb2 Rd7 28. e4 Nb3 29. exd5 exd5 30. Rd1 a5 31. Re2 Kf7 32. f4 Re8 33. Rxe8 Kxe8 34. Kf2 a4 35. Ke3 Kf7 36. Kf3 g5 37. g3 c3 38. f5 c2 39. Re1 c1Q 40. Rxc1 Nxc1 41. Ke3 Nb3 42. Kd3 Na5 43. Kc3 Nc4 44. Bb8 Nxa3 45. c6 Rd8 46. c7 Rc8 47. Kb4 Nc2+ 48. Kxa4 Nxd4 49. Kb4 Nxf5 50. Kc5 d4 0-1

[Event "SVK-ch Blitz"]
[Site "Nitra"]
[Date "2022.10.29"]
[Round "1"]
[White "Szaszak, Lukas"]
[Black "Slamena, Michal"]
[Result "0-1"]
[WhiteElo "1530"]
[BlackElo "2043"]
[PlyCount "88"]
[EventDate "2022.10.29"]
[EventType "swiss"]
[EventRounds "13"]
[EventCountry "SVK"]
[SourceTitle "EXT 2024"]
[Source "ChessBase"]
[SourceDate "2023.10.10"]
[SourceVersion "1"]
[SourceVersionDate "2023.10.10"]
[SourceQuality "1"]

1. e4 e5 2. Nf3 Nc6 3. d4 exd4 4. c3 dxc3 5. Nxc3 Bb4 6. Bd2 d6 7. a3 Bc5 8. Bc4 Nf6 9. Bg5 Be6 10. Bxe6 fxe6 11. Qb3 Qd7 12. Rd1 0-0 13. 0-0 Kh8 14. e5 Ne8 15. exd6 cxd6 16. Bh4 h6 17. Bg3 Nc7 18. Qc2 Rae8 19. Ne4 Nd5 20. Nxc5 dxc5 21. Qxc5 Rf5 22. Qc2 Qf7 23. Rfe1 Rf8 24. h3 Nf4 25. Nd4 Nxd4 26. Rxd4 e5 27. Rde4 Qf6 28. Bxf4 Rxf4 29. Rxf4 exf4 30. Qe4 Qg5 31. Qxb7 f3 32. g3 Qf5 33. Kh2 Qg5 34. Qe4 Qd2 35. Qe3 Qxb2 36. Rf1 Qf6 37. Rd1 h5 38. Rd3 h4 39. Qe4 hxg3+ 40. fxg3 f2 41. Qh4+ Qxh4 42. gxh4 f1Q 43. Rg3 Rf2+ 44. Rg2 Qxg2# 0-1

[Event "Liptovsky Jan Slovak op U2200"]
[Site "Liptovsky Jan"]
[Date "2021.06.20"]
[Round "6"]
[White "Bochnickova, Simona"]
[Black "Szaszak, Lukas"]
[Result "0-1"]
[WhiteElo "1718"]
[BlackElo "1377"]
[PlyCount "116"]
[EventDate "2021.06.17"]
[EventType "swiss"]
[EventRounds "7"]
[EventCountry "SVK"]
[SourceTitle "CBM 203 Extra"]
[Source "ChessBase"]
[SourceDate "2021.09.30"]
[SourceVersion "1"]
[SourceVersionDate "2021.09.30"]
[SourceQuality "1"]

1. e4 e5 2. Nf3 Nc6 3. d4 exd4 4. Nxd4 Bc5 5. Nb3 Bb6 6. Nc3 d6 7. Qe2 Be6 8. Be3 Bxe3 9. Qxe3 Bxb3 10. cxb3 Qd7 11. 0-0-0 0-0-0 12. g4 Kb8 13. Bh3 Qe7 14. f4 h6 15. Nd5 Qe8 16. Rhe1 Nge7 17. Qc3 f6 18. Kb1 Qf7 19. g5 hxg5 20. b4 a6 21. a4 Nxd5 22. exd5 Na7 23. Be6 Qe7 24. fxg5 fxg5 25. b5 Qf6 26. Qc2 axb5 27. axb5 Nxb5 28. Qc4 Na7 29. Rc1 c6 30. dxc6 Nxc6 31. h3 Rh4 32. Bg4 Rhh8 33. Re3 Qd4 34. Qb3 Ne5 35. Qc2 Qxe3 36. Qc7+ Ka8 37. Rc3 Qe1+ 38. Ka2 Nc6 39. Ra3+ Na7 40. Qb6 Kb8 41. Qxa7+ Kc7 42. Qd4 Qe5 43. Qc4+ Kb8 44. Rc3 Qa5+ 45. Kb1 Rhe8 46. Be6 Re7 47. b4 Qe5 48. Bg4 Qe4+ 49. Qxe4 Rxe4 50. Rb3 d5 51. Kc2 d4 52. Kd2 Kc7 53. Rf3 Rf4 54. Ra3 Rd5 55. Kd3 Re5 56. Kd2 Rf2+ 57. Kd1 Rb2 58. Ra4 Rb5 0-1